=LDR 00000nam 2200000 4500 =001 INLIS000000000030406 =005 20130612132543 =008 ***********************************Ind** =035 ##$$0010-061300000030406 =041 ##$$a Ind =082 ##$$a 616.563 14 =090 ##$$a 616.563 14, PRA p =100 ##$$a Pranadji, Diah K =245 ##$$a Perencanaan menu untuk penderita diabetes melitus, Diah K. Pranadji, Dwi Hastuti Martianto, Vera Uripi =260 ##$$a 2002 $b Jakarta =300 ##$$a vii,126 hlm., ilus., 21 cm =650 ##$$a Masakan untuk penderita diabetes =700 ##$$a Martianto, Dwi Hastuti =850 ##$$a NBPNMAT